Statistics for Dress - Niall Horan (Lyrics)

Click here to take the quiz!

General Stats

  • This quiz has been taken 3 times
  • The average score is 257 of 296

Answer Stats

% Correct
a
100%
at
100%
away
100%
Back
100%
body
100%
[Chorus] | [Pre-Chorus]But
100%
calling
100%
'cause
100%
dance
100%
did
100%
Do
100%
do
100%
don't
100%
dress
100%
even
100%
Even
100%
give
100%
Hanging
100%
holding
100%
[Verse 1] | [Verse 2]I
100%
if
100%
I'm
100%
in
100%
it
100%
it's
100%
just
100%
keep
100%
know
100%
leave
100%
left
100%
little
100%
[Chorus]Maybe
100%
nervous
100%
number
100%
on
100%
one
100%
Or
100%
out
100%
picture
100%
purpose
100%
put
100%
see
100%
sorry
100%
space
100%
staring
100%
still
100%
summer
100%
talk
100%
Tell
100%
that
100%
the
100%
The
100%
time
100%
to
100%
wanna
100%
want
100%
wardrobe
100%
Watch
100%
when
100%
When
100%
white
100%
You
100%
you
100%
your
100%
and
50%
around
50%
babe
50%
couch
50%
Darling
50%
disservice
50%
door
50%
here
50%
hours
50%
Kissing
50%
look
50%
lose
50%
Make
50%
my
50%
open
50%
our
50%
temper
50%
though
50%
we
50%
both
0%
La-la-la-la
0%
drawer
0%
for
0%
la
0%
la-la
0%
[Bridge]La-la-la-la
0%
smile
0%
staircase
0%
up
0%
You'd
0%

Score Distribution

Percentile by Number Answered

Percent of People with Each Score

Your Score History

You have not taken this quiz